Normal view
MARC view
Entry Personal Name
001 - CONTROL NUMBER
- control field: 14620
003 - CONTROL NUMBER IDENTIFIER
- control field: ARRUPE
005 - DATE AND TIME OF LATEST TRANSACTION
- control field: 20150123164648.0
008 - FIXED-LENGTH DATA ELEMENTS
- fixed length control field: 150123|| aca||aabn | a|a d
040 ## - CATALOGING SOURCE
- Original cataloging agency: ARRUPE
- Transcribing agency: ARRUPE
100 ## - HEADING--PERSONAL NAME
- Personal name: Capelle, Joseph
670 ## - SOURCE DATA FOUND
- Source citation: Work cat.: (ARRUPE): Capelle, Joseph, In the footsteps of Jesus today:, 2010.